|
|
|
|
| LEADER |
00000nab a2200000 a 4500 |
| 001 |
vtls009313241 |
| 003 |
SK-MaSNL |
| 005 |
20260304160626.0 |
| 008 |
250507c2008 xo qr p 000 c0slo |
| 015 |
|
|
|a SNBRB2008/07
|
| 035 |
|
|
|a (uuid)c258ea72-e473-4029-9b9f-d9d5e01625a6
|
| 035 |
|
|
|a urn:nbn:sk:snk-abc41e
|
| 035 |
|
|
|a (urnnbn)urn:nbn:sk:snk:ar-001lgd
|
| 038 |
|
|
|a SVKPOCL
|
| 040 |
|
|
|a SNKBUCL
|b slo
|c SNKBUCL
|e AACR2
|
| 041 |
0 |
|
|a ukr
|
| 044 |
|
|
|a xo
|c SK
|
| 080 |
|
|
|a 821.161.2-4(048)
|2 2001
|
| 080 |
|
|
|a 808.1/2(048)
|2 2001
|
| 100 |
1 |
|
|a Mušinka, Mikuláš,
|d 1936-2024
|4 aut
|9 99915
|
| 245 |
1 |
0 |
|a Tryvala aktual'nist'
|c Mykola Mušynka
|
| 300 |
|
|
|b Fotogr.
|
| 500 |
|
|
|a Mikuláš Mušinka autor úvodu
|
| 600 |
1 |
7 |
|a Sirka, Jozef,
|d 1936-
|2 svkpocl
|9 195482
|
| 650 |
0 |
7 |
|a kritické články
|2 svkpocl
|9 1023611
|
| 650 |
0 |
7 |
|a publikačná činnosť
|x recenzie
|2 svkpocl
|9 1483538
|
| 651 |
|
7 |
|a Ukrajina
|2 svkpocl
|9 168045
|
| 655 |
|
7 |
|a monografie
|2 svkpocl
|9 70139
|
| 655 |
|
7 |
|a recenzie
|2 svkpocl
|9 21907
|
| 700 |
1 |
|
|a Mušinka, Mikuláš,
|d 1936-2024
|4 aui
|9 99915
|
| 773 |
0 |
|
|t Duklja
|g Rič. 56, No 3 (2008), s. 89-91
|
| 787 |
0 |
8 |
|i Rec.:
|a Sirka, Josyf, 1936-
|t Aktual'no. 2 : Polityka. Mova. Demokratija
|d Užhorod : Mystec'ka linija, 2008
|
| 850 |
|
|
|a Slovenská národná knižnica
|
| 852 |
|
|
|a Slovenská národná knižnica
|
| 958 |
|
|
|a article15
|
| 958 |
|
|
|a UK
|
| 958 |
|
|
|a LX
|
| 958 |
|
|
|a RC
|
| 958 |
|
|
|a SK
|
| 958 |
|
|
|a UA
|
| 958 |
|
|
|a OND
|
| 958 |
|
|
|a EUIPO
|
| 999 |
|
|
|c 2968072
|d 2970002
|